00616 2200229 4500001002100000005001500021035002000036007000300056008004100059020001600100082001000116084001600126100001900142245006800161260004400229300003500273650001100308700002000319504002500339990001100364990001100375INLIS00000000000678920210302024547 a0010-0321000159ta210302 g 0 ind  a979736775-4 a635.9 a635.9 YUS b0 aYUSUF, Maulana1 aBudi Daya Bunga Melati /cYusuf Maulana; editor, Abi Wisam M.R. aJakarta :bSinar Cemerlang Abadi,c2007 aiv, 60 hal. :bilus. ;c21 cm. 4aMELATI0 aABI, Wisam M.R. aBibliografi : hal.60 a7956 a a7956 b